Kim bình mai [ trọn bộ 4 tập ]; T4

Guardado en:
Detalles Bibliográficos
Autor principal: Tiếu Tiếu Sinh
Formato: Libro
Lenguaje:Undetermined
Publicado: Hà Nội KHXH 1989
Materias:
Etiquetas: Agregar Etiqueta
Sin Etiquetas, Sea el primero en etiquetar este registro!
Thư viện lưu trữ: Trung tâm Học liệu Trường Đại học Cần Thơ
LEADER 00480nam a2200169Ia 4500
001 CTU_32539
008 210402s9999 xx 000 0 und d
082 |a 895.13 
082 |b S312/T4/1989 
100 |a Tiếu Tiếu Sinh 
245 0 |a Kim bình mai [ trọn bộ 4 tập ]; T4 
245 0 |c Tiếu Tiếu Sinh 
260 |a Hà Nội 
260 |b KHXH 
260 |c 1989 
650 |a chinese fiction 
980 |a Trung tâm Học liệu Trường Đại học Cần Thơ